Zahraniční obchod: Spojité nádoby konvertibility.

Prvým krokom "návratu do Európy" je zavedenie vnútornej konvertibility koruny, ktorá umožňuje podnikateľom využívať deľbu práce v medzinárodnom meradle, využívať konkurenciu a správať sa ako zahraničný konkurent. Zdraženie vstupov však vyžaduje poskytovať vývozcom exportné úvery. Devalvácia zvýšila...

Descripción completa

Guardado en:
Detalles Bibliográficos
Autor principal: Ferenc, J.
Formato: Capítulo de libro
Lenguaje:checo
Materias:
Etiquetas: Agregar Etiqueta
Sin Etiquetas, Sea el primero en etiquetar este registro!

MARC

LEADER 00000naa a2200000 4500
001 r004130
005 20221125081424.3
041 0 |a cze 
044 |a [CS] 
245 1 0 |a Zahraniční obchod: Spojité nádoby konvertibility.  |c J. Ferenc 
520 |a Prvým krokom "návratu do Európy" je zavedenie vnútornej konvertibility koruny, ktorá umožňuje podnikateľom využívať deľbu práce v medzinárodnom meradle, využívať konkurenciu a správať sa ako zahraničný konkurent. Zdraženie vstupov však vyžaduje poskytovať vývozcom exportné úvery. Devalvácia zvýšila úverové potreby asi na dvojnásobok oproti roku 1990. 
610 2 0 |a obchod zahraničný 
610 2 0 |a konvertibilita 
610 2 0 |a koruna 
610 2 0 |a devalvácia 
610 2 0 |a úver 
610 2 0 |a vývoz 
610 2 0 |a ČSFR 
100 1 |a Ferenc, J.